000 00371nam a2200157Ia 4500
008 230917s9999||||xx |||||||||||||| ||und||
040 _e80182
_aMAIN
041 _aEnglish
082 _a300.72 B167S
100 _aBajpai, S R
245 0 _aSamajik anusandhan tatha sarvekshan
250 _a12th ed.
260 _aKanpur
_bKitab Ghar
300 _a592 p.
942 _cBK
999 _c63416
_d63416